000 00331nam a2200145Ia 4500
008 240112s2019 xx 000 0 und d
022 _a0090-0036
041 _aeng
082 _a614
100 _aPARMELA M.
245 _aAMERCIAN JOU. OF PUBLIC HEALTH
260 _bAPHA
_c2019
300 _a1142
_cMAY-AUG
440 _v109
999 _c1146123
_d1146123